Villes de banlieue des métropole françaises par images - Statistiques

Statistiques générales
  • Ce quiz a été pris 47 fois
  • Le résultat moyen est 6 sur 22
Statistiques - réponses
Par images Réponse % Correct
Paris (Saint-Denis)
71%
Lyon (Villeurbanne)
51%
Strasbourg (Schiltigheim)
49%
Toulon (La Seyne-sur-Mer)
44%
Grenoble (Échirolles)
40%
Marseille (Martigues)
40%
Nice (Cagnes-sur-Mer)
33%
Lille (Roubaix)
31%
Nantes (Rezé)
31%
Clermont-Ferrand (Cournon-d'Auvergne)
29%
Saint-Étienne (Saint-Chamond)
29%
Bordeaux (Mérignac)
22%
Montpellier (Castelnau-le-Lez)
22%
Rouen (Le Petit-Quevilly)
22%
Toulouse (Colomiers)
22%
Rennes (Bruz)
20%
Metz (Montigny-lès-Metz)
16%
Nancy (Vandœuvre-lès-Nancy)
13%
Orléans (Olivet)
13%
Dijon (Chenôve)
11%
Tours (Joué-lès-Tours)
9%
Brest (Guipavas)
7%
Aucun quiz correspondant
Distribution des résultats
% des personnes avec chaque résultat
Percentile par nombre de réponses
Votre historique - résultats
Vous n’avez pas pris ce quiz